000 00428nam a2200181Ia 4500
003 GCL
008 140319s9999 xx 000 0 eng d
040 _aGCL /
_cGCL
082 0 4 _a759
_bM V
100 1 _aMICHELETLI, EMMA
245 1 0 _aVELAZQUEZ /
_cMICHELETLI, EMMA
260 _a[S.N] :
_bTHAMES AND HUDSON ،
_c1989
300 _a79 P
650 0 4 _aARTS
650 0 4 _aPAINTING
650 0 4 _aVELAZQUEZ
942 _2ddc
_cBK
999 _c20991
_d20991